[Event "Mittelrhein Verbandsliga West 1920"]
[Site "Mittelrhein"]
[Date "2020.01.19"]
[Round "5.4"]
[White "Weischenberg, Juergen"]
[Black "Wable, Tushar"]
[Result "1/2-1/2"]
[WhiteElo "1801"]
[BlackElo "1930"]
[PlyCount "47"]
[EventDate "2019.09.29"]
[EventType "team-tourn"]
[EventRounds "9"]
[EventCountry "GER"]
[SourceTitle "EXT 2023"]
[Source "ChessBase"]
[SourceDate "2022.10.05"]
[SourceVersion "1"]
[SourceVersionDate "2022.10.05"]
[SourceQuality "1"]
[WhiteTeam "Brand SF"]
[BlackTeam "Aachen SV III"]
[WhiteTeamCountry "GER"]
[BlackTeamCountry "GER"]

1. d4 f5 2. Bg5 h6 3. Bh4 d5 4. e4 g6 5. exf5 Bxf5 6. Nf3 Bg7 7. Bd3 Qd7 8. Bg3 Qe6+ 9. Qe2 Qxe2+ 10. Kxe2 Bxd3+ 11. Kxd3 c6 12. Nbd2 Nd7 13. Rae1 Kf7 14. Ne5+ Nxe5+ 15. Bxe5 Nf6 16. h3 Rhe8 17. Re2 b6 18. Rhe1 c5 19. c3 c4+ 20. Kc2 b5 21. Nf1 a5 22. Bxf6 Bxf6 23. Re6 b4 24. Nh2 1/2-1/2